| 000 | 00622nam a2200229Ia 4500 | ||
|---|---|---|---|
| 003 | OSt | ||
| 005 | 20220607111131.0 | ||
| 008 | 210210b2009 xxu||||| |||| 00| 0 eng d | ||
| 020 | _a9788125931294 | ||
| 040 | _cAL | ||
| 041 | _aeng | ||
| 082 | _a657.95 MAHC | ||
| 100 |
_aMAHESHWARI (S N) _940820 |
||
| 245 | _aCorporate accounting: for BCom, MCom, BBA ,MBA and professional examinations | ||
| 250 | _a5 Rev. | ||
| 260 |
_aNew Delhi _bVikas Publishing House Pvt Ltd. _c2009 |
||
| 300 | _axviii,1268 | ||
| 690 |
_aAccountancy _940821 |
||
| 700 |
_aMAHESHWARI (S K) _940822 |
||
| 906 | _a065019 | ||
| 942 |
_2ddc _cBK |
||
| 999 |
_c141649 _d141649 |
||